[Event "Santa Fe op"]
[Site "Santa Fe"]
[Date "2020.02.16"]
[Round "7"]
[White "Nardi, Hector Fernando"]
[Black "Sarla, Andres"]
[Result "1-0"]
[WhiteElo "1461"]
[BlackElo "1323"]
[PlyCount "89"]
[EventDate "2020.02.08"]
[EventType "swiss"]
[EventRounds "7"]
[EventCountry "ARG"]
[SourceTitle "CBM 195 Extra"]
[Source "ChessBase"]
[SourceDate "2020.05.31"]
[SourceVersion "1"]
[SourceVersionDate "2020.05.31"]
[SourceQuality "1"]

1. d4 Nf6 2. Nf3 d5 3. Bf4 e6 4. h3 c5 5. Nc3 a6 6. e3 Bd7 7. Be2 Be7 8. 0-0 Nc6 9. Ne5 cxd4 10. exd4 0-0 11. a3 Qb6 12. Nxc6 bxc6 13. Rb1 c5 14. Be3 c4 15. f4 Qa5 16. g4 Kh8 17. g5 Ng8 18. Qe1 Qb6 19. Qg3 f5 20. h4 Qc7 21. Nd1 Nf6 22. gxf6 gxf6 23. Kh2 Rg8 24. Qh3 Bd6 25. Nc3 Rg7 26. h5 Rag8 27. Rf2 Bc6 28. Qh4 Be7 29. h6 Rg6 30. Bf3 Bf8 31. Rg2 Rxh6 32. Rxg8+ Kxg8 33. Bh5 Be8 34. Qg3+ Bg6 35. Kg2 Rxh5 36. Kf2 Bh6 37. Ne2 Kf7 38. Ng1 e5 39. dxe5 fxe5 40. Nh3 exf4 41. Bxf4 Qc5+ 42. Kf3 Qd4 43. Bxh6 Qe4+ 44. Kf2 Rxh6 45. Ng5+ 1-0

[Event "Santa Fe op"]
[Site "Santa Fe"]
[Date "2020.02.15"]
[Round "5"]
[White "Nardi, Hector Fernando"]
[Black "Rodriguez, Nicolas"]
[Result "1-0"]
[WhiteElo "1461"]
[BlackElo "1542"]
[PlyCount "20"]
[EventDate "2020.02.08"]
[EventType "swiss"]
[EventRounds "7"]
[EventCountry "ARG"]
[SourceTitle "CBM 195 Extra"]
[Source "ChessBase"]
[SourceDate "2020.05.31"]
[SourceVersion "1"]
[SourceVersionDate "2020.05.31"]
[SourceQuality "1"]

1. d4 d5 2. Nf3 Nc6 3. Bf4 e5 4. dxe5 f6 5. exf6 Nxf6 6. a3 Bd6 7. e3 b6 8. Nc3 h6 9. Nxd5 Bb7 10. Qd3 Qd7 1-0

[Event "Santa Fe op"]
[Site "Santa Fe"]
[Date "2020.02.08"]
[Round "1"]
[White "Hevia, Lautaro"]
[Black "Nardi, Hector Fernando"]
[Result "1-0"]
[WhiteElo "1735"]
[BlackElo "1461"]
[PlyCount "45"]
[EventDate "2020.02.08"]
[EventType "swiss"]
[EventRounds "7"]
[EventCountry "ARG"]
[SourceTitle "CBM 195 Extra"]
[Source "ChessBase"]
[SourceDate "2020.05.31"]
[SourceVersion "1"]
[SourceVersionDate "2020.05.31"]
[SourceQuality "1"]

1. d4 d5 2. c4 e6 3. Nc3 Nf6 4. cxd5 exd5 5. Bg5 Be7 6. e3 0-0 7. Bd3 Nc6 8. Bxf6 Bxf6 9. Qh5 g6 10. Qxd5 Qe7 11. 0-0-0 Nb4 12. Qf3 Bg7 13. Nge2 Be6 14. Bb1 c5 15. d5 Bd7 16. a3 Na6 17. d6 Qd8 18. Qxb7 Qc8 19. Qxc8 Rfxc8 20. Nf4 Rab8 21. Nfd5 Kf8 22. Ne7 Re8 23. e4 1-0

[Event "Santa Fe IRT U2000"]
[Site "Santa Fe"]
[Date "2019.11.09"]
[Round "1.5"]
[White "Nardi, Hector Fernando"]
[Black "Hevia, Lautaro"]
[Result "0-1"]
[WhiteElo "1445"]
[BlackElo "1768"]
[PlyCount "140"]
[EventDate "2019.11.09"]
[EventType "swiss"]
[EventRounds "6"]
[EventCountry "ARG"]
[SourceTitle "EXT 2024"]
[Source "ChessBase"]
[SourceDate "2023.10.10"]
[SourceVersion "1"]
[SourceVersionDate "2023.10.10"]
[SourceQuality "1"]

1. d4 Nf6 2. Nf3 g6 3. Bf4 d6 4. h3 Bg7 5. Nc3 0-0 6. e4 Nh5 7. Bh2 c5 8. g4 cxd4 9. Nxd4 Qb6 10. Nb3 Bxc3+ 11. bxc3 Nf6 12. Bd3 Qc6 13. Qd2 Nxe4 14. Nd4 Qxc3 15. Qxc3 Nxc3 16. Kd2 Na4 17. Nb5 Nc6 18. Be4 Be6 19. f4 Nc5 20. Bg2 a6 21. Nc3 Rac8 22. Rhf1 Bc4 23. Rf2 d5 24. f5 Rfd8 25. fxg6 hxg6 26. h4 d4 27. Ne4 Nxe4+ 28. Bxe4 Bd5 29. Bd3 Nb4 30. a3 Nxd3 31. cxd3 Rc3 32. Rff1 Rdc8 33. Rfc1 b5 34. Be5 Bb3 35. Bxd4 Rc2+ 36. Rxc2 Rxc2+ 37. Ke3 Rh2 38. Rc1 Be6 39. h5 gxh5 40. gxh5 Rxh5 41. Rg1+ Kf8 42. Bg7+ Ke8 43. Rc1 Kd7 44. Bd4 Rh3+ 45. Ke2 Rh2+ 46. Ke3 Rh3+ 47. Ke2 Bf5 48. Rc3 f6 49. Bb6 Ke6 50. Bc5 Kf7 51. Bb4 e5 52. Rc7+ Kg6 53. Rc3 Kg5 54. Be7 Rh7 55. Bd8 Rd7 56. Bb6 Kg4 57. Ke3 Bg6 58. d4 e4 59. Rc6 Kg5 60. Bc5 f5 61. Rxa6 f4+ 62. Kf2 e3+ 63. Ke1 f3 64. Rxg6+ Kxg6 65. d5 e2 66. d6 Kf5 67. Kf2 Ke4 68. Bb4 Rh7 69. Bc5 Rh2+ 70. Ke1 Rh1+ 0-1

[Event "Rafaela IRT U1700"]
[Site "Rafaela"]
[Date "2019.09.01"]
[Round "6.15"]
[White "Nardi, Hector Fernando"]
[Black "Calderon, Claudio"]
[Result "1-0"]
[WhiteElo "1537"]
[BlackElo "1114"]
[PlyCount "82"]
[EventDate "2019.08.31"]
[EventType "swiss"]
[EventRounds "6"]
[EventCountry "ARG"]
[SourceTitle "EXT 2024"]
[Source "ChessBase"]
[SourceDate "2023.10.10"]
[SourceVersion "1"]
[SourceVersionDate "2023.10.10"]
[SourceQuality "1"]

1. d4 g6 2. Nf3 Bg7 3. Bf4 d6 4. h3 Nd7 5. e4 a6 6. Nc3 b5 7. a3 Bb7 8. Bd3 c5 9. dxc5 Nxc5 10. Bd2 Nxd3+ 11. cxd3 Nf6 12. 0-0 0-0 13. Nh2 Qd7 14. f4 Qc6 15. Rc1 Qb6+ 16. Kh1 e5 17. f5 d5 18. fxg6 fxg6 19. Qe2 Rae8 20. exd5 Nxd5 21. Nxd5 Bxd5 22. Rxf8+ Rxf8 23. Ng4 Qd6 24. Bc3 e4 25. Bxg7 Kxg7 26. Re1 Re8 27. Qd2 e3 28. Rxe3 Qc6 29. Rxe8 Bxg2+ 30. Qxg2 Qxe8 31. Qb7+ Kh8 32. Qe4 Qf7 33. Qe5+ Qg7 34. Qxg7+ Kxg7 35. Kg2 Kf7 36. Kf3 Ke6 37. Ke4 h5 38. Nf2 g5 39. Kd4 g4 40. hxg4 hxg4 41. Nxg4 Kd6 1-0

[Event "ARG-ch sf U1700/2200"]
[Site "Laguna Paiva"]
[Date "2018.08.18"]
[Round "2"]
[White "Nardi, Hector Fernando"]
[Black "Mizzau, Pablo"]
[Result "0-1"]
[WhiteElo "1569"]
[BlackElo "2076"]
[PlyCount "50"]
[EventDate "2018.08.18"]
[EventType "swiss"]
[EventRounds "6"]
[EventCountry "ARG"]
[SourceTitle "EXT 2019"]
[Source "ChessBase"]
[SourceDate "2018.10.10"]
[SourceVersion "1"]
[SourceVersionDate "2018.10.10"]
[SourceQuality "1"]

1. d4 d5 2. Nf3 Nf6 3. Bf4 c5 4. dxc5 e6 5. e3 Bxc5 6. Bb5+ Bd7 7. Bxd7+ Nbxd7 8. 0-0 0-0 9. Nc3 Rc8 10. a3 Nb6 11. Rb1 a6 12. Qd2 Nc4 13. Qd3 Bd6 14. Bxd6 Nxd6 15. Ne5 b5 16. f4 Qb6 17. Kh1 Rfd8 18. Qe2 Nc4 19. Nxc4 Rxc4 20. f5 e5 21. Rbd1 Qc6 22. Qd2 Re8 23. h3 d4 24. Ne2 Ne4 25. exd4 Ng3+ 0-1

[Event "Gualeguaychu Cup Baggio U1700"]
[Site "Gualeguaychu"]
[Date "2017.12.02"]
[Round "2.1"]
[White "Nardi, Hector Fernando"]
[Black "Toledano, German"]
[Result "1-0"]
[WhiteElo "1498"]
[BlackElo "1684"]
[PlyCount "101"]
[EventDate "2017.12.02"]
[EventType "swiss"]
[EventRounds "5"]
[EventCountry "ARG"]
[SourceTitle "EXT 2024"]
[Source "ChessBase"]
[SourceDate "2023.10.10"]
[SourceVersion "1"]
[SourceVersionDate "2023.10.10"]
[SourceQuality "1"]

1. d4 Nf6 2. Nf3 e6 3. c4 d5 4. e3 Be7 5. Nc3 c5 6. Be2 Nc6 7. 0-0 cxd4 8. exd4 0-0 9. Ne5 dxc4 10. Nxc6 bxc6 11. Bxc4 Nd5 12. Bd3 Bf6 13. Be3 a5 14. Qh5 g6 15. Qf3 Bg7 16. Rac1 Rb8 17. Nxd5 cxd5 18. b3 Bd7 19. Rc2 Qb6 20. Qf4 Rbc8 21. Rfc1 Rxc2 22. Rxc2 Rc8 23. Rxc8+ Bxc8 24. h3 Qc6 25. Bd2 a4 26. bxa4 Qxa4 27. Qc7 Qd1+ 28. Kh2 Qxd2 29. Qxc8+ Bf8 30. Qc2 Bd6+ 31. g3 Qb4 32. a4 Qxd4 33. a5 Bc5 34. Kg2 e5 35. a6 e4 36. Bb5 e3 37. fxe3 Qxe3 38. Qe2 Qg1+ 39. Kf3 Bd4 40. a7 Bxa7 41. Qe8+ Kg7 42. Qe5+ f6 43. Qe7+ Kh6 44. Qf8+ Kg5 45. h4+ Kf5 46. Bd7+ Ke5 47. Qe7+ Kd4 48. Qxf6+ Kc4 49. Qc6+ Bc5 50. Qb5+ Kd4 51. Qb2+ 1-0